000 00501nam a2200205Ia 4500
008 151119s9999||||xx |||||||||||||| ||und||
082 _a820 Swa/Con
082 _bGKKV33410
100 _aSWAMI ANUBHAVANANDA
245 _aCONTRADICTIONS
260 _aMumbai
260 _bCentral Chinmaya Mission Trust
260 _c1996
300 _a40pp.
600 _aSWAMI ANUBHAVANANDA
630 _aCONTRADICTIONS
700 _aSWAMI ANUBHAVANANDA
730 _aCONTRADICTIONS
942 _cBOOK
999 _c1085706
_d1085703